000 00843nam a22002417a 4500
999 _c15226
_d15226
003 MIRAKIL
005 20230427113603.0
008 230427b tu ||||| |||| 00| 0 tur d
020 _a9789944613262
040 _aTR-AnCHP
_cTR-AnCHP
041 _atur
082 _aCHP 320.9561
_bH24 2023
245 1 0 _aHakça paylaşmak için toplumsal adalet:
_bKemal Kılıçdaroğlu/
_cyayına hazırlayan : Yunus Emre
246 _aMakale, söyleşi ve konuşmalar
260 _aİstanbul:
_bTekin Yayınevi,
_c2023.
300 _a652 s.:
_btbl.;
_c23 sm.
490 0 _aTekin yayınevi;
_v835.
600 1 4 _91477
_aKılıçdaroğlu, Kemal
_cCHP Genel Başkanı
_d1948-
_xSöylev ve demeçler
650 0 _99
_aSiyaset ve yönetim
_xTürkiye
700 _95072
_aEmre, Yunus
_eyay. haz.
740 _aMakale, söyleşi ve konuşmalar
942 _2ddc
_cBKS